000 00352nam a22001337a 4500
082 _a330
_bOSW/C
100 _aOSWAAL
245 _aCBSE QUESTION PAPERS ECONOMICS -12TH
246 _aCBSE QUESTION PAPERS ECONOMICS -12TH
_bCBSE QUESTION PAPERS ECONOMICS -12TH
260 _aNEW DELHI
_bOSWAAL
_c2024
300 _a256
650 _aECONOMICS
942 _cBK
999 _c8944
_d8944